书目信息 |
| 题名: |
英语常用短语词典
|
|
| 作者: | ;南京大学外文系英语教研室 编 | |
| 分册: | ||
| 出版信息: | 北京 商务印书馆 1982 |
|
| 页数: | 985页 | |
| 开本: | 18cm | |
| 丛书名: | ||
| 单 册: | ||
| 中图分类: | H313-61 | |
| 科图分类: | ||
| 主题词: | 英语--语义 , 英语--词汇 | |
| 电子资源: | ||
| ISBN: | ||
| 000 | 00742nam0 2200241 45 | |
| 001 | 0182004821 | |
| 005 | 20220927091600.58 | |
| 010 | @b精装@dCNY4.70 | |
| 091 | @a9017.1121 | |
| 100 | @a19950607d1982 em y0chiy0121 ea | |
| 101 | 0 | @achi@aeng |
| 102 | @aCN@b110000 | |
| 105 | @ay z 000yy | |
| 200 | 10 | @a英语常用短语词典@Aying yu chang yong duan yu ci dian@f南京大学外文系英语教研室编@FNan Jing Da Xue Wai Wen Xi Ying Yu Jiao Yan Shi Bian |
| 210 | @a北京@c商务印书馆@d1982 | |
| 215 | @a985页@d18cm | |
| 606 | 0 | @a英语@x语义 |
| 606 | 0 | @a英语@x词汇 |
| 690 | @aH313-61@v3 | |
| 711 | 02 | @a南京大学外文系英语教研室@4编 |
| 801 | 0 | @aCN@b上海图书馆@c20050419 |
| 801 | 2 | @aCN@bNLC@c20050419 |
| 905 | @f2@b80283-284@dH313-61@e18@b102805@f1 | |
| 英语常用短语词典/南京大学外文系英语教研室编.-北京:商务印书馆,1982 |
| 985页;18cm |
| ISBN (精装):CNY4.70 |
| ● |
| 相关链接 |
|
|
|
|
正题名:英语常用短语词典
索取号:H313-61/18
 
预约/预借
| 序号 | 登录号 | 条形码 | 馆藏地/架位号 | 状态 | 备注 |
| 1 | 0080283 | 000947042 | 密集书库/ [索取号:H313-61/18] | 在馆 | |
| 2 | 0080284 | 000946999 | 密集书库/ [索取号:H313-61/18] | 在馆 | |
| 3 | 0080287 | 202442963 | 第二样本阅览室/ [索取号:H313-61/18] | 在馆 | |
| 4 | 0102805 | 000947033 | 工具书阅览室/ [索取号:H313-61/18] | 在馆 | |
| 5 | 0706440 | 207064406 | 密集书库-文学院/ [索取号:H313-61/18] | 在馆 |